Women with Hats - Picture Quiz - Statistics

General Stats
  • This quiz has been taken 94 times
  • The average score is 11 of 18
Answer Stats
Picture Hint Answer % Correct
First Lady Jacqueline Kennedy
94%
Saint Mother Teresa
94%
Do you believe in life after love Cher
89%
Tennis Venus Williams
87%
Prime Minister Margaret Thatcher
85%
"We are not amused." Queen Victoria
82%
Lara Croft Angelina Jolie
77%
Holly Golightly Audrey Hepburn
74%
Caberet Liza Minnelli
70%
Icelandic singer-songwriter, Bjork
67%
Fred Astaire's dance partner Ginger Rogers
61%
Annie Get Your Gun Annie Oakley
51%
Brazilian samba singer, dancer, Broadway actress, and film star Carmen Miranda
40%
MASH Loretta Swit / Major Margaret Houllihan
40%
Only In My Dreams Debbie Gibson
26%
World Cup alpine ski racer Lindsey Vonn
22%
"Fasten your seatbelts; it's going to be a bumpy night." Bette Davis
20%
“This woman's place is in the House - the House of Representatives.” Bella Abzug
13%
No matching quizzes found
Score Distribution
Percent of People with Each Score
Percentile by Number Answered
Your Score History
You have not taken this quiz